000 00775nam a2200241u 4500
001 20648
003 BD-RjUL
005 20211209000607.0
008 140301s1958 enka 000 0beng d
035 _a(BD-RjUL)20710
040 _aDLC
_cCarP
_dDLC
_beng
041 _aeng
082 0 4 _a843.91
_bJOS 1958
100 1 _aJohnson, Pamela Hansford,
_d1912-
_963713
245 1 0 _aSix Proust reconstructions /
_cPamela Hansford Johnson.
260 _aLondon :
_bMacmillan,
_c1958.
300 _axii, 292 p. :
_billus.
_c23 cm.
600 1 0 _aProust, Marcel,
_d1871-1922
_xParodies, imitations, etc.
_963721
700 1 _aProust, Marcel,
_d1871-1922.
_tA la recherche du temps perdu. [from old catalog]
_963715
942 _2ddc
_cBK
999 _c20648
_d20648